| 000 | 01734cad a22003375a 4500 | ||
|---|---|---|---|
| 001 | K121171 | ||
| 008 | 121204s2019 xxk f v 000 0 eng d | ||
| 020 | _a9781783213818 | ||
| 035 | _a(Sirsi) u157139 | ||
| 041 | _aeng | ||
| 050 | 0 | 4 | _a333.332 $2 18 |
| 100 | _aSwinburne, Nick | ||
| 110 | 2 | _aRoyal Institution of Chartered Surveyors | |
| 245 | 0 | 4 |
_aThe valuation of individual new-build homes _bRICS guidance note, UK |
| 250 | _a3rd . | ||
| 260 |
_aLondon _bRICS _c2019 |
||
| 300 |
_aii 29. _c30 cm |
||
| 490 | 0 | _aRICS professional standards and guidance, UK | |
| 520 | _aProvides guidance for valuation of property that is yet to be occupied for the first time, or occupied for the first time in its current form, either because it is a new construction, a conversion, or a renovation from an earlier use. Discusses the approach to the valuation of such a new-build property, which may be one unit on a large, part-developed site, a one-off new home, or a conversion in a former building. Factors for consideration include state of the new-build market, reviewing instructions, inspection, modern methods of construction, comparable evidence, assessing market value, and finally producing the valuation report | ||
| 520 | _aSupersedes 2 ed 9781842197783 | ||
| 521 | _aAdvanced | ||
| 611 | _aNew build | ||
| 650 | _aSpecial assumptions | ||
| 650 | _aModern methods of construction | ||
| 650 | _aComparable evidence | ||
| 650 | _aMarket value | ||
| 651 | 4 | _aUnited Kingdom | |
| 690 |
_aValuation _96273 |
||
| 856 | 4 | 0 |
_uhttps://www.rics.org/profession-standards/rics-standards-and-guidance/sector-standards/valuation-standards/new-build-homes-3rd-edition _zView the guidance at rics.org |
| 942 | _n0 | ||
| 999 |
_c121171 _d121171 |
||